000 00588nam a2200181 i 4500
001 81072
003 ES-MaACL
007 t|
008 041102s1956 sp ||||1| spa d
100 1 _aHollander, Joseph Lee.
_964025
245 1 0 _aArtritis y estados afines /
_cpor Joseph Lee Hollander ; traducción revisada por P. Barceló.
250 _a[1ª ed.].
260 _aBarcelona :
_bSalvat,
_c[1956] (
_fImp. Hispano-Americana)
300 _aXV, 1122 p. :
_bil. ;
_c25 cm.
500 _aPrecede al tít.: Comroe.
700 1 _aBarceló, P.
_925511
852 _aES-MaACL
_jE-1583
_bR.39201
999 _c81072
_d81072